MARC

LEADER 00000nam0a2200000 4500
001 302600
005 20231102001523.0
035 |a (RuTPU)RU\TPU\book\327807 
090 |a 302600 
100 |a 20150825d1968 m y0rusy50 ca 
101 0 |a rus 
102 |a RU 
105 |a a j 001zy 
200 1 |a Изготовление кабельных резин  |e пособие для мастеров и рабочих  |f А. Е. Саакян 
210 |a Москва  |c Энергия  |d 1968 
215 |a 120 с.  |c ил. 
320 |a Библиогр.: с. 118. 
606 1 |a Резиновое производство  |2 stltpush  |3 (RuTPU)RU\TPU\subj\24645  |9 48952 
606 1 |a Кабели с резиновой изоляцией  |2 stltpush  |3 (RuTPU)RU\TPU\subj\13368  |9 39985 
610 1 |a кабельные резины 
610 1 |a кабели 
610 1 |a провода 
610 1 |a шнуры 
610 1 |a состав 
610 1 |a резиновые смеси 
610 1 |a изготовление 
610 1 |a учебные пособия 
610 1 |a резиновая изоляция 
675 |a 678.4.06(075.9)  |v 3 
675 |a 621.315.211:621.315.616.7(075.9)  |v 3 
700 1 |a Саакян  |b А. Е.  |g Александр Ефремович 
801 1 |a RU  |b 63413507  |c 20150825 
801 2 |a RU  |b 63413507  |c 20221123  |g RCR 
942 |c BK